| 000 | 00698nam a2200169 a 4500 | ||
|---|---|---|---|
| 008 | 120416s1989 ||||||||||||||||| || u | ||
| 020 | _a0198535716 | ||
| 050 | _aQA 405 Din | ||
| 100 | _aDineen, Sean | ||
| 245 | 1 | 4 | _aThe Schwarz Lemma |
| 260 |
_aOxford: _bClarendon _c1989 |
||
| 350 | _a0.00 | ||
| 650 | _aSubharmonic functions | ||
| 650 | 0 | _aMATHEMATICS--HANDBOOKS, MANUALS, ETC | |
| 995 |
_aANNEX COLLECTION (Main Library) _D0.00 _e731395 _FCBU-MAIN LIBRARY (Kitwe) _H1 _I0.00 _jQA 405 Din _M1 _UAVAILABLE _y028663 _ZAnnex Low-Usage Collection |
||
| 995 |
_aMAIN LIBRARY OPEN ACCESS _D0.00 _e733468 _FCBU-MAIN LIBRARY (Kitwe) _H2 _I0.00 _jQA 405 Din _M2 _UAVAILABLE _y45192 _ZMain Library Open Access Collection |
||
| 999 |
_c80345 _d80345 |
||